000 00569nam a22001937a 4500
003 OSt
005 20160513172150.0
008 160513b xxu||||| |||| 00| 0 eng d
020 _a0946888337
040 _cDDC.
082 _a598END 1998.
100 _aStatterfield,J.Alison;[et.....al]
_98786
245 _aEndemic bird areas of the world.
_bPriorities for Diversity concervation.
260 _aUK.
_bBirdlife International.
_c1998.
300 _a846p;
_bill;
_c24cm.
504 _aReferences and index are included.
650 _abiology.
_95602
942 _2ddc
_cSLOAN
999 _c4026
_d4026